| 000 | 00440nam a2200169Ia 4500 | ||
|---|---|---|---|
| 005 | 20250326124257.0 | ||
| 008 | 250326s9999 xx 000 0 und d | ||
| 037 | _aTextbook | ||
| 040 |
_aFMSL _beng _cFMSL |
||
| 041 |
_aeng _2eng |
||
| 084 |
_aX:89T K6.4;1 _qFMSL |
||
| 245 | 0 | _aStock control | |
| 260 |
_aLondon _bLondon, Business Books _c1966 |
||
| 300 | _avp | ||
| 942 |
_cTB _hX:89T K6.4;1 |
||
| 999 |
_c1273063 _d1273063 |
||